| 000 | 00686nam a2200217 a 4500 | ||
|---|---|---|---|
| 005 | 20210223131908.0 | ||
| 008 | 121022s2007 mx r 000 0 spa d | ||
| 020 | _a9680700186 | ||
| 035 | _aUPN01000187858 | ||
| 049 | _aI | ||
| 050 | 4 |
_aPZ7 _bE3.6 |
|
| 100 | 1 |
_aEdwards, Pamela, _d1948- _932765 |
|
| 245 | 1 | 1 |
_a¡Oliver tiene algo que decir! / _cPamela Edwards ; il. Louis Pilon. |
| 260 |
_aMéxico : _bCordillera de los Andes, _c2007. |
||
| 300 |
_a[24] p. : _bprincipalmente il. col. |
||
| 534 |
_pTítulo original: _tOliver has something to say! |
||
| 650 | 4 |
_aCUENTOS INFANTILES CANADIENSES _911112 |
|
| 700 | 1 |
_aPilon, Louis, _eil. |
|
| 905 | _aInfantil | ||
| 999 |
_c159961 _d159961 |
||